000 00773nam a2200229 a 4500
001 45994
003 BD-RjUL
005 20211209054108.0
008 160730s1926 enk 001 0 eng d
035 _a(BD-RjUL)46112
040 _aTEX
_cTEX
_dEQO
_dBD-RjUL
_beng
041 _aeng
082 _223
_a342.4102
_bMEO 1926
100 1 _aMedley, D. J.
_q(Dudley Julius),
_d1861-1953.
_9140638
245 1 0 _aOriginal illustrations of English constitutional history /
_cby D. J. Medley
250 _a2nd ed. rev. and enlarged
260 _aLondon :
_bMethuen & Co,
_c1926
300 _axii, 425 p. ;
_c18 cm
500 _a"Selected documents suitable to the needs of the ordinary student."
650 0 _aConstitutional history
_zGreat Britain
_vSources
_9139775
942 _2ddc
_cBK
999 _c45994
_d45994